Clash Royale Evrimler - Statistics

General Stats
  • This quiz has been taken 197 times
    110 since last reset
  • The average score is 18 of 39
Answers on the Grid
Answers color-coded by a green-red scale on the quiz's grid according to % correct below.
Sarmaşık
Yarasalar
Goblin Çetesi
İskelet Fıçısı
İskeletler
Ateş Ruhu
Elektro Ruh
Buz Ruhu
Goblinler
Mızraklı Goblin
Bombacı
Çarpma
Dev Kar Topu
Yaramaz
Şövalye
Okçular
Minyonlar
Oklar
Top
Havai Fişekçi
Kraliyet Paketi
İskelet Ejderhalar
Havan
Tesla
Barbarlar
Minyon Sürüsü
Serseriler
Kraliyet Devi
Elit Barbarlar
Muhafızlar
İyileştirici Ruh
Buz Golemi
Şüpheli Çalı
Mezar Taşı
Mega Minyon
Dart Goblini
Deprem
İksir Golemi
Silahşor
Goblin Kulübesi
Mini P.E.K.K.A
Goblin Kafesi
Valkür
Koçbaşı
Alev Topu
Bombacı Kulesi
Domuz Binicisi
Uçan Makine
Şifacı
Şok Birliği
Fırın
Dev
Goblin Yıkıcı
Büyücü
Felaket Kulesi
Kraliyet Domuzları
İksir Toplayıcı
Roket
Barbar Kulübesi
Üç Silahşor
Ayna
Barbar Varili
Duvar Yıkıcılar
Goblin Fıçısı
Öfke
Goblin Laneti
İskelet Ordusu
Korumalar
Kasırga
Klon
Boşluk
Yavru Ejderha
Kara Prens
Rün Devi
Dondurma
Zehir
Avcı
Köstebek
Cadı
Balon
Prens
Atıcı
Cellat
Elektro Ejderha
Top Arabası
Dev İskelet
Yıldırım
Dev Goblin
P.E.K.K.A
X Yayı
Elektro Dev
Golem
Tomruk
Prenses
Madenci
Buz Büyücüsü
Kraliyet Hayaleti
Haydut
Balıkçı
Elektro Büyücü
Oduncu
Cehennem Ejderhası
Anka Kuşu
Büyülü Okçu
Yaşlı Cadı
Koç Binicisi
Goblin Makinesi
Mezarlık
Kıvılcım
Ruh İmparatoriçesi
Mega Şövalye
Lav Tazısı
Altın Şövalye
Okçu Kraliçe
Boss Haydut
Goblinstein
Küçük Prens
Gece Cadısı
İskelet Kral
Güçlü Madenci
Keşiş
 
Answer Stats
Answer % Correct
Cadı
55%
Barbarlar
54%
Yavru Ejderha
52%
Elektro Ejderha
51%
Havai Fişekçi
51%
İskelet Fıçısı
51%
Okçular
51%
Silahşor
51%
Avcı
49%
Kraliyet Hayaleti
49%
Dev Kar Topu
48%
Fırın
48%
Goblin Fıçısı
48%
İskelet Ordusu
48%
Mega Şövalye
48%
P.E.K.K.A
48%
Şövalye
48%
Valkür
48%
Bombacı
46%
Cehennem Ejderhası
46%
Duvar Yıkıcılar
46%
Oduncu
46%
Büyücü
45%
Cellat
45%
Dart Goblini
45%
Dev Goblin
45%
İskeletler
45%
Tesla
45%
Top
45%
Havan
43%
Koçbaşı
43%
Muhafızlar
43%
Çarpma
42%
Köstebek
42%
Kraliyet Domuzları
42%
Yarasalar
42%
Kraliyet Devi
40%
Buz Ruhu
37%
Goblin Kafesi
37%
No matching quizzes found
Score Distribution
Percent of People with Each Score
Percentile by Number Answered
Your Score History
You have not taken this quiz since the last reset